1695 1452 1315 1643 1547 1975 1888 1866 1257 1622 1953 1086 1797 1100 1064 1544 1390 1247 1317 1333 1361 1780 1527 1985 2000 1810 1450 1747 1246 1321 1987 1070 1861 1081 1208 1042 1723 1819 1468 1033 1410 1420 1739 1106 1014 1296 1292 1377 1686 1331 1873 1464 1196 1845 1085 1132 1721 1356 1719 1445 1889 1734 1108 1333 1569 1688 1037 1036 1434 1898 1759 1015 1582 1940 1833 1033 1126 1903 1878 1029 1900 1888 1870 1170 1806 1823 1098 1043 1209 1982 1367 1764 1783 1728 1902 1107 1475 1739 1920 BCNSPRNW ULIB Ver.6.0+V

เปลี่ยนเป็นภาษาไทย

Change to English
 แสดงรายละเอียดบรรณานุกรม
  กลับหน้าหลัก

Brief Record : Get Marc (ISO 2709) : E-mail record : QR code < ปิดหน้าต่าง
LEADER : 00000nam 2200000uu 4500
001    13399122133
003     ULIB
008    130102s2545||||th 000 0 tha d
020    ^a9744840293
020    9789744840295
050 04 ^aD781^bส975ท
100 0  ^aสุรพงษ บุนนาค
245 10 ทะเลโหด /^cสุรพงษ บุนนาค
250    พิมพ์ครั้งที่ 1
260    กรุงเทพฯ :^bสารคดี,^c2545
300    388 หน้า :^bภาพประกอบ ;^c21 ซม.
945    ^p239^l0^i19562
999    ^aทศพร เกษรทอง
รายการนี้ยังไม่มีแท็ก
คุณยังไม่ได้ล็อกอิน คุณสามารถมีกิจกรรมร่วมกับเว็บไซต์ได้ แต่ต้องล็อกอินก่อน ::
  ล็อกอิน

รายการสื่อสารสนเทศ

ลำดับที่ ประเภท เลขเรียก/บาร์โค้ด สถานที่ สถานะ
1. วิทยาศาสตร์การแพทย์ และสุขภาพ
วิทยาศาสตร์การแพทย์ และสุขภาพ
D781 ส975ท  
  Barcode: 19562
ห้องสมุดวิทยาเขตสวรรค์ประชารักษ์
►หนังสือทั่วไป
บนชั้น

BibComment


ยังไม่เคยถูกคอมเมนท์

คอมเมนท์ทรัพยากรรายการนี้
  คอมเมนท์: ทะเลโหด สุรพงษ บ..


 Copyright 2026. Bcnsprnw @Library